000 00626nam a22001817a 4500
008 160323b xxu||||| |||| 00| 0 eng d
020 _a0-8039-7197-4
050 _aP90.Q48 1995
110 _a Downing, John
_eed.
_923361
245 _aQuestioning the media :
_ba critical introduction
_c/ John Downing,Ali Mohammadi and Annabelle Sreberny-Mohammandi (ed.)
260 _aCalifornia
_bSage
_c1995
300 _axiv, 511p. ;
_c23cm.
650 _aMass media
_9536
710 _aJohn Downing
_eed.
_923362
710 _aMohammadi Ali
_eed.
_923363
710 _aSreberny-Mohammandi Annabelle
_eed.
_923364
942 _2lcc
_cMONOGRAPH
999 _c124478
_d124478